000 00913nam a2200229 i 4500
001 000655242
003 AM-YeHGA
005 20250617141355.0
008 090504s1986 ||| r 000 0 rus d
040 _aAM-YeHGA
041 0 _arus
100 1 _aБриген, Александр Федорович
245 1 0 _aПисьма :
_bИсторические сочинения /
_cА.Ф. Бриген.
260 _aИркутск :
_bВост.-Сиб. кн. изд-во,
_c1986.
300 _a570 с., :
_bпортр., [1] л. портр.
440 0 _aСерия "Полярная звезда"
504 _aБиблиогр. в примеч.: с. 458-548
653 0 _aДекабристы
653 0 _aОбщественная мысль в России - История - 19 в.
653 0 _aРеволюционное движение в России - История - 19 в.
090 _c238988
999 _c237417
_d237417